Sistemas de control de gestión
| Main Author: | |
|---|---|
| Format: | Section = Libro |
| Language: | Undetermined Spanish |
| Published: |
México
Trillas
1981
|
| Subjects: |
| LEADER | 00516nam a2200193Ia 4500 | ||
|---|---|---|---|
| 008 | 240830s9999 xx 000 0 und d | ||
| 020 | |a 968-24-1109-2 | ||
| 040 | |a B-ESTELÍ- RUACS / 658.4013 A628 | ||
| 041 | |a spa | ||
| 082 | |a 658.4013 A628 | ||
| 100 | 1 | |a Paltrinieri, Gaetano | |
| 245 | 1 | 0 | |a Sistemas de control de gestión |
| 260 | |a México |b Trillas |c 1981 | ||
| 300 | |a 39 p. | ||
| 650 | 7 | |a Talleres - Equipo y aparatos | |
| 650 | 7 | |b Carne - Industria y comercio | |
| 942 | |c BK |2 ddc | ||
| 991 | |a TEXTO | ||
| 999 | |c 11469 | ||